01251nam a2200301Ia 4500001001200000003000800012006001900020007001500039008004100054020001800095020002600113040002100139035002100160050002800181245015200209260004100361300001800402504005100420533015200471650003100623650003900654655002900693700004400722700001900766700002100785710001700806856012600823ebr10695174CaPaEBRm u cr cn|||||||||130511s2013 bcc sb 001 0 eng d z9780774825207 z9780774825221 (ebook) aCaPaEBRcCaPaEBR a(OCoLC)83355331714aHQ1236.5.C2bS73 2013eb00aStalledh[electronic resource] :bthe representation of women in Canadian governments /cedited by Linda Trimble, Jane Arscott, and Manon Tremblay. aVancouver, BC :bUBC Press,cc2013. axxiii, 333 p. aIncludes bibliographical references and index. aElectronic reproduction.bPalo Alto, Calif. :cebrary,d2013.nAvailable via World Wide Web.nAccess may be limited to ebrary affiliated libraries. 0aWomen legislatorszCanada. 0aWomenxPolitical activityzCanada. 7aElectronic books.2local1 aTrimble, Linda J.q(Linda Jean),d1959-1 aArscott, Jane.1 aTremblay, Manon.2 aebrary, Inc.40uhttp://site.ebrary.com/lib/rucke/Doc?id=10695174zAn electronic book accessible through the World Wide Web; click to view